[Event "FRA-chT4 1011"]
[Site "Champagne Ardennes"]
[Date "2011.01.16"]
[Round "4"]
[White "Atanecian, Valerik"]
[Black "Goncalves, David Luis Lopes"]
[Result "0-1"]
[WhiteElo "1499"]
[BlackElo "1740"]
[PlyCount "122"]
[EventDate "2010.10.10"]
[EventType "team-tourn"]
[EventRounds "7"]
[EventCountry "FRA"]
[SourceTitle "EXT 2024"]
[Source "ChessBase"]
[SourceDate "2023.10.10"]
[SourceVersion "1"]
[SourceVersionDate "2023.10.10"]
[SourceQuality "1"]

1. d4 Nf6 2. Nc3 d5 3. f4 Bf5 4. e3 e6 5. Bd3 Bg6 6. Nf3 Bd6 7. 0-0 a6 8. Ne2 Nc6 9. c3 Ne7 10. Ng3 Ne4 11. Bxe4 dxe4 12. Nd2 f5 13. a3 Nd5 14. Nc4 b5 15. Ne5 Bxe5 16. dxe5 Qe7 17. Qd4 Rd8 18. Qd2 h5 19. Qf2 c5 20. a4 h4 21. Ne2 h3 22. g3 Bh5 23. axb5 axb5 24. Re1 Bf3 25. Rd1 g5 26. Ra6 g4 27. Qe1 0-0 28. Kf2 Rd7 29. Rd2 Rfd8 30. Ra5 Rb7 31. Ra6 Rb6 32. Rxb6 Nxb6 33. Rxd8+ Qxd8 34. Qd2 Qd3 35. Ke1 Kf7 36. Ng1 Bg2 37. Qxd3 exd3 38. Kd2 c4 39. Ke1 Ke7 40. Kd1 Kd7 41. Bd2 Kc6 42. Bc1 Kc5 43. Ke1 Nd5 44. Kd2 Kb6 45. Kd1 Ka5 46. Bd2 Ka4 47. Kc1 Kb3 48. Kb1 b4 49. cxb4 Nxb4 50. Kc1 Nd5 51. Kb1 c3 52. bxc3 Nxc3+ 53. Kc1 Bc6 54. Be1 Ne4 55. Kd1 Kb2 56. Bb4 Ba4+ 57. Ke1 Kc2 58. Ba5 Nc3 59. Kf2 d2 60. Bxc3 d1Q 61. Be1 Bb5 0-1

[Event "FRA-chT4 1011"]
[Site "Champagne Ardennes"]
[Date "2010.11.14"]
[Round "2"]
[White "Lambert, Alban"]
[Black "Atanecian, Valerik"]
[Result "0-1"]
[WhiteElo "1790"]
[BlackElo "1499"]
[PlyCount "94"]
[EventDate "2010.10.10"]
[EventType "team-tourn"]
[EventRounds "7"]
[EventCountry "FRA"]
[SourceTitle "EXT 2024"]
[Source "ChessBase"]
[SourceDate "2023.10.10"]
[SourceVersion "1"]
[SourceVersionDate "2023.10.10"]
[SourceQuality "1"]

1. e4 g6 2. d4 e6 3. Nf3 Bg7 4. Nc3 b6 5. Bc4 Bb7 6. 0-0 Ne7 7. Bf4 d6 8. Ng5 h6 9. Nxe6 fxe6 10. Bxe6 Bc8 11. Qg4 Bxe6 12. Qxe6 Qd7 13. Qc4 Nbc6 14. Rad1 Na5 15. Qe2 0-0 16. Bg3 a6 17. f4 Nac6 18. e5 d5 19. Qd2 Nd8 20. Ne2 c6 21. Qb4 b5 22. b3 Nf5 23. Rd3 a5 24. Qd2 a4 25. Qb4 Qe7 26. Qxe7 Nxe7 27. Rc1 Nf5 28. c4 axb3 29. axb3 bxc4 30. bxc4 dxc4 31. Rxc4 Ra2 32. Kf1 Ra1+ 33. Kf2 Nxg3 34. hxg3 Ra6 35. Rdc3 Ra7 36. Ke3 Re8 37. g4 Bf8 38. f5 c5 39. Ke4 Nf7 40. fxg6 Nd6+ 41. Kf4 Nxc4 42. Rxc4 cxd4 43. Nxd4 Ra6 44. e6 Bg7 45. Nf5 Raxe6 46. Rc7 Be5+ 47. Kf3 Bxc7 0-1

[Event "FRA-chT4 1011"]
[Site "Champagne Ardennes"]
[Date "2010.10.17"]
[Round "1"]
[White "Waczecka, Jerome"]
[Black "Atanecian, Valerik"]
[Result "0-1"]
[WhiteElo "1764"]
[BlackElo "1499"]
[PlyCount "106"]
[EventDate "2010.10.10"]
[EventType "team-tourn"]
[EventRounds "7"]
[EventCountry "FRA"]
[SourceTitle "EXT 2024"]
[Source "ChessBase"]
[SourceDate "2023.10.10"]
[SourceVersion "1"]
[SourceVersionDate "2023.10.10"]
[SourceQuality "1"]

1. d4 d5 2. Nf3 Bf5 3. c3 e6 4. Bf4 Bd6 5. Bg5 f6 6. Bh4 Bg6 7. Qb3 b6 8. Nbd2 Ne7 9. e3 0-0 10. e4 c6 11. Bd3 Bc7 12. Qc2 Qd7 13. 0-0-0 Bf4 14. Bg3 Bc7 15. Nh4 f5 16. Nxg6 hxg6 17. e5 c5 18. Nf3 cxd4 19. Nxd4 Nbc6 20. Qa4 Bd8 21. Bb5 Rc8 22. Nf3 Rc7 23. Ng5 Nc8 24. Nf3 a6 25. Bxa6 Ra7 26. Bxc8 Qxc8 27. Qb3 Na5 28. Qc2 b5 29. Bh4 Nc4 30. a3 b4 31. cxb4 Rc7 32. Qe2 Nxa3+ 33. Kd2 Rc2+ 34. Ke1 Rxe2+ 35. Kxe2 Qc4+ 36. Ke3 Nb5 37. Bxd8 Rxd8 38. Kd2 Qxb4+ 39. Ke2 Qxb2+ 40. Rd2 Qb3 41. Rc1 d4 42. Ng5 Nc3+ 43. Ke1 Ne4 44. Rxd4 Re8 45. Nxe4 fxe4 46. Rxe4 Qb7 47. f3 Rc8 48. Rd1 Qb6 49. Rd6 Qg1+ 50. Kd2 Qxg2+ 51. Re2 Qxf3 52. Re3 Qf2+ 53. Re2 Rc2+ 0-1